The supreme court / (Record no. 705)

MARC details
000 -LEADER
fixed length control field 01471nam a22002777a 4500
005 - DATE AND TIME OF LATEST TRANSACTION
control field 20230703144350.0
020 ## - INTERNATIONAL STANDARD BOOK NUMBER
International Standard Book Number 9780531147863
040 ## - CATALOGING SOURCE
Original cataloging agency FISKH
Language of cataloging eng
Transcribing agency FISKH
Modifying agency FISKH
050 ## - LIBRARY OF CONGRESS CALL NUMBER
Classification number KF8742.Z9
082 ## - DEWEY DECIMAL CLASSIFICATION NUMBER
Classification number 347.73
100 ## - MAIN ENTRY--PERSONAL NAME
Personal name Butler-Taylor, Christine
245 ## - TITLE STATEMENT
Title The supreme court /
Remainder of title Before they got this building, the supreme court justices met in a basement
260 ## - PUBLICATION, DISTRIBUTION, ETC.
Place of publication, distribution, etc. New York :
Name of publisher, distributor, etc. Scholastic ;
Date of publication, distribution, etc. 2008.
300 ## - PHYSICAL DESCRIPTION
Extent 48 pages ;
Other physical details color illustrations,
Dimensions 22 cm.
490 ## - SERIES STATEMENT
Materials specified A true book
505 ## - FORMATTED CONTENTS NOTE
Formatted contents note U <br/>
520 ## - SUMMARY, ETC.
Summary, etc. Ideal for today's young investigative reader, each A True Book includes lively sidebars, a glossary and index, plus a comprehensive "To Find Out More" section listing books, organizations, and Internet sites. A staple of library collections since the 1950s, the new A True Book series is the definitive nonfiction series for elementary school readers. A True Book -- American History: How do you wrap a 450,000-pound gift? What is the world's oldest and shortest written constitution? Find out in this patriotic celebration of things uniquely American.
521 ## - TARGET AUDIENCE NOTE
Target audience note 820 <br/>
Source Lexile <br/>
521 ## - TARGET AUDIENCE NOTE
Target audience note U <br/>
Source Raz-Plus <br/>
650 ## - SUBJECT ADDED ENTRY--TOPICAL TERM
Topical term or geographic name entry element United States
Form subdivision Supreme Court
General subdivision History
Chronological subdivision Juvenile literature
650 ## - SUBJECT ADDED ENTRY--TOPICAL TERM
Topical term or geographic name entry element Court of last resort
Form subdivision United States
General subdivision Juvenile literature
650 ## - SUBJECT ADDED ENTRY--TOPICAL TERM
Topical term or geographic name entry element Judicial Process
Form subdivision United States
General subdivision Juvenile literature
942 ## - ADDED ENTRY ELEMENTS (KOHA)
Source of classification or shelving scheme Dewey Decimal Classification
Koha item type Books
Suppress in OPAC No
999 ## -
-- 705
-- 705
Holdings
Withdrawn status Lost status Source of classification or shelving scheme Damaged status Not for loan Collection Home library Current library Shelving location Date acquired Total Checkouts Full call number Barcode Date last seen Date last checked out Price effective from Koha item type Public note
Withdrawn Lost and Paid For Dewey Decimal Classification     Non-Fiction Footprints International School Library Network Toul Kork Campus Footprints International School Library Network Toul Kork Campus A TK Campus, 4th Floor, Room B401, Non-Fiction Bookcases(7-8) 07/03/2023 1 TAY 347.73 KF8742.Z9 FISTK01604 06/11/2024 09/07/2023 07/03/2023 Books Lost